| 000 | 00426nam a2200157 a 4500 | ||
|---|---|---|---|
| 005 | 20140414132102.0 | ||
| 008 | 100722s19uu xx 00 eng d | ||
| 020 | _a0-7097-1712-1 | ||
| 050 |
_aREF 813.54 _bSp9 2006 |
||
| 100 | _aSpurgeon, Maureen | ||
| 245 | _aThe big book of famous people through history. | ||
| 260 |
_aEngland : _bBrown Watson, _c2006. |
||
| 300 | _a192 p. | ||
| 650 | _aFamous people | ||
| 999 |
_c114495 _d114495 |
||